[Event "?"]
[Site "Keres Memorial Paernu Women"]
[Date "1996.??.??"]
[Round "7"]
[White "Paasikangas, J."]
[Black "Litinskaja, M."]
[Result "1-0"]
[WhiteElo "2200"]
[BlackElo "2355"]

1. d4 Nf6 2. Nf3 e6 3. Bg5 h6 4. Bh4 b6 5. e3 Bb7 6. Nbd2 c5 7. c3 Be7 
8. Bd3 Nc6 9. Nc4 cxd4 10. Bxf6 gxf6 11. exd4 Qc7 12. a4 Rc8 13. h4 Nb8 
14. h5 f5 15. Qe2 d6 16. Ne3 f4 17. Ng4 Nd7 18. Kf1 Nf8 19. Re1 f5 20. 
Ngh2 Rg8 21. Qd2 Kf7 22. Qxf4 Bg5 23. Nxg5+ hxg5 24. Qe3 g4 25. h6 Qd8 
26. h7 Rh8 27. Nxg4 fxg4 28. Rh6 Bd5 29. Qf4+ Ke8 30. Bb5+ Rc6 31. 
Bxc6+ Bxc6 32. Rhxe6+ {1.36-1.55

} 1-0

[Event "?"]
[Site "Keres Memorial Paernu Women"]
[Date "1996.??.??"]
[Round "7"]
[White "Fomina, T."]
[Black "Eidelson, R."]
[Result "0-1"]
[WhiteElo "2305"]
[BlackElo "2370"]

1. e4 d6 2. Bc4 Nf6 3. Qe2 g6 4. f4 Bg7 5. Nf3 d5 6. exd5 Nxd5 7. O-O 
c6 8. Bb3 O-O 9. d4 Qd6 10. c3 Na6 11. Na3 b5 12. Nc2 Nac7 13. Ne5 c5 
14. dxc5 Qxc5+ 15. Kh1 a5 16. Bd2 a4 17. Bxd5 Nxd5 18. Nb4 Nxb4 19. 
cxb4 Qc2 20. Qe3 Bb7 21. Rf2 Rad8 22. Bc3 Rd1+ 23. Be1 Qxf2 24. Qxf2 
Rxa1 25. h4 Rc8 26. Kh2 Rac1 27. Bc3 a3 28. Qa7 axb2 29. Bxb2 R1c7 30. 
Qb6 Ba8 31. Bd4 Rc2 32. Qxb5 Bxg2 33. Kg3 Be4 34. a4 h5 35. a5 Rg2+ 
36. Kh3 Rcc2 {1.58-1.47

} 0-1

[Event "?"]
[Site "Keres Memorial Paernu Women"]
[Date "1996.??.??"]
[Round "8"]
[White "Kovalevskaja, J."]
[Black "Eidelson, R."]
[Result "1/2-1/2"]
[WhiteElo "2335"]
[BlackElo "2370"]

1. e4 c5 2. Nf3 Nc6 3. Bb5 Qc7 4. O-O a6 5. Bxc6 dxc6 6. h3 e5 7. d3 
Ne7 8. a4 a5 9. Be3 Ng6 10. Nc3 f6 11. Ne2 Be6 12. Nd2 Nf4 13. Nxf4 
exf4 14. Bxc5 O-O-O 15. Bxf8 Rhxf8 16. b4 g5 17. bxa5 Qxa5 18. Nb3 Bxb3 
19. cxb3 f5 20. Qh5 {1.32-0.40} 1/2-1/2

[Event "?"]
[Site "Keres Memorial Paernu Women"]
[Date "1996.??.??"]
[Round "8"]
[White "Litinskaja, M."]
[Black "Fomina, T."]
[Result "1/2-1/2"]
[WhiteElo "2355"]
[BlackElo "2305"]

1. c4 Nc6 2. Nc3 e5 3. g3 Bb4 4. Bg2 Nf6 5. e3 Bxc3 6. dxc3 d6 7. e4 
Be6 8. b3 Qd7 9. h3 h6 10. Qc2 g5 11. Nf3 O-O-O 12. h4 g4 13. Nd2 Nh5 
14. a4 f5 15. a5 f4 16. Qd3 Rdf8 17. Bf1 Qf7 18. Rh2 Rhg8 19. b4 Rg6 
20. Ba3 Rf6 21. O-O-O fxg3 22. fxg3 Rf2 23. Rh1 Qg6 24. Rg1 R8f6 25. 
Bb2 Qf7 26. Qe3 b6 27. axb6 axb6 28. Be2 Nd8 29. c5 bxc5 30. bxc5 Kd7 
31. cxd6 cxd6 32. Ba3 Ke8 33. Bxd6 Bd7 34. Bc4 Be6 35. Bb5+ Bd7 36. Bc4 
Be6 37. Bb5+ Bd7 38. Bc4 Be6 {1.58-1.58

} 1/2-1/2

[Event "?"]
[Site "Keres Memorial Paernu Women"]
[Date "1996.??.??"]
[Round "8"]
[White "Parnpuu, L."]
[Black "Paasikangas, J."]
[Result "1/2-1/2"]
[WhiteElo "2245"]
[BlackElo "2200"]

1. Nf3 g6 2. e4 Bg7 3. d4 c6 4. Nc3 b5 5. a3 a5 6. Bd3 Ba6 7. O-O Nf6 
8. Re1 O-O 9. h3 Qc7 10. Be3 d6 11. e5 Nfd7 12. exd6 Qxd6 13. Ne4 Qc7 
14. c3 Rd8 15. Qe2 Ra7 16. g3 Nf8 17. h4 Bc8 18. Bf4 Qb6 19. Nh2 Rd5 
20. Ng5 h6 21. Ngf3 Na6 22. Be4 Rd8 23. Ne5 Bd7 24. Qf3 f5 25. Bc2 c5 
26. dxc5 Nxc5 27. Qe3 Bc8 28. Bxh6 e6 29. Bxg7 Rxg7 30. b4 axb4 31. 
cxb4 Na4 32. Qxb6 Nxb6 33. Bd3 Rd5 34. Rac1 Ra7 35. Rc3 Kg7 36. f4 Nfd7 
37. Nhf3 Kf6 38. Rec1 Nxe5 39. Nxe5 Bd7 40. Bf1 Ra6 41. R1c2 Ra7 42. 
Kf2 Be8 43. Be2 Ra6 44. Re3 Ra7 45. Bf3 Rd6 46. Ke2 Nc4 47. Nxc4 bxc4 
48. Kf2 Bb5 49. Be2 Rc7 50. Re5 Rd5 51. Re3 Rd6 52. a4 Bxa4 53. Rxc4 
Rb7 54. Bf3 Rbb6 55. Ra3 Bb5 56. Rc7 Ba6 57. Ra7 Bc4 58. h5 gxh5 59. 
Bxh5 e5 60. fxe5+ Kxe5 61. R3a5+ Kf6 62. Ra3 Rxb4 63. R7a4 Rb2+ 64. Ke3 
Bb5 65. Ra8 Rg2 66. Rg8 Re6+ 67. Kd4 Re4+ 68. Kc5 Rb2 69. Rc3 Bd7 70. 
Kd6 Rd2+ 71. Kc7 Be6 72. Rg6+ Ke5 73. Bf3 Rd7+ 74. Kc6 Rd8 75. Rc5+ Kd4 
76. Bxe4 Rc8+ 77. Kd6 Rxc5 78. Bg2 Bf7 79. Rg5 Ra5 80. Ke7 Bc4 81. Bh3 
Bd3 82. Rg8 Ke5 83. Rd8 Be4 84. Rb8 Ra7+ 85. Kf8 Ra3 86. Rb5+ Kf6 87. 
Rb6+ Kg5 88. Kg7 Ra7+ 89. Kf8 Rh7 90. Bf1 Rh1 91. Bc4 Rc1 92. Bf7 Rc8+ 
93. Kg7 Kg4 94. Rg6+ Kf3 95. Rg5 Rc7 96. Kf6 Rc6+ 97. Kg7 Rc7 98. Kf6 
Ra7 99. Be6 Ra6 100. Ke5 Rb6 101. Bxf5 {3.29-3.28} 1/2-1/2

[Event "?"]
[Site "Keres Memorial Paernu Women"]
[Date "1996.??.??"]
[Round "8"]
[White "Stjazkina, O."]
[Black "Dubinka, I."]
[Result "1/2-1/2"]
[WhiteElo "2200"]
[BlackElo "2235"]

1. e4 e6 2. d4 d5 3. Nd2 Nf6 4. e5 Nfd7 5. f4 c5 6. c3 Nc6 7. Ndf3 cxd4 
8. cxd4 Qb6 9. g3 Bb4+ 10. Kf2 g5 11. fxg5 Ndxe5 12. Nxe5 Nxe5 13. Bf4 
Ng6 14. Be3 Bd7 15. Nf3 O-O-O 16. Qb3 Rhf8 17. Kg2 Qa5 18. a3 Bd6 19. 
Bd2 Qa4 20. Qxa4 Bxa4 21. Bd3 e5 22. Bxg6 fxg6 23. dxe5 Rxf3 24. Rac1+ 
Bc6 25. Kxf3 Bxe5 26. b4 Kd7 27. Rhe1 Rf8+ 28. Bf4 Bb2 29. Rc2 d4+ 30. 
Kg4 Bc3 31. Rxc3 dxc3 32. Rc1 Bb5 33. Rxc3 Be2+ 34. Kh4 Rc8 35. Rxc8 {
1.33-1.58

} 1/2-1/2

[Event "?"]
[Site "Keres Memorial Paernu Women"]
[Date "1996.??.??"]
[Round "8"]
[White "Laesson, T."]
[Black "Tsoganova, M."]
[Result "1/2-1/2"]
[WhiteElo "2245"]
[BlackElo "2280"]

1. e4 c5 2. Nf3 d6 3. c3 Nf6 4. Bd3 e6 5. Bc2 Be7 6. O-O O-O 7. Re1 a6 
8. d4 cxd4 9. cxd4 b5 10. a3 Bb7 11. Nc3 Qc7 12. Bf4 Rd8 13. Rc1 Nbd7 
14. Qd3 Qb6 15. Be3 d5 16. exd5 exd5 17. Bg5 Bf8 18. Ne5 g6 19. Bb3 Bg7 
20. Rcd1 Qd6 21. h3 Re8 22. Bf4 Nh5 23. Bh2 Nxe5 24. dxe5 Bxe5 25. Rxe5 
Rxe5 26. Bxd5 Rxd5 27. Nxd5 Qc5 28. b4 Qxd5 29. Qxd5 Bxd5 30. Rxd5 Ng7 
31. g4 {1.58-1.47} 1/2-1/2

[Event "?"]
[Site "Keres Memorial Paernu Women"]
[Date "1996.??.??"]
[Round "9"]
[White "Tsoganova, M."]
[Black "Kovalevskaja, J."]
[Result "1/2-1/2"]
[WhiteElo "2280"]
[BlackElo "2335"]

1. d4 Nf6 2. c4 d6 3. Nc3 e5 4. dxe5 dxe5 5. Qxd8+ Kxd8 6. Bg5 Be7 7. 
O-O-O+ Nfd7 8. Bxe7+ Kxe7 9. Nf3 c6 10. e3 f6 11. Be2 {0.20-0.15}
1/2-1/2

[Event "?"]
[Site "Keres Memorial Paernu Women"]
[Date "1996.??.??"]
[Round "9"]
[White "Dubinka, I."]
[Black "Laesson, T."]
[Result "0-1"]
[WhiteElo "2235"]
[BlackElo "2245"]

1. d4 f5 2. Nc3 Nf6 3. Bg5 d5 4. e3 g6 5. h4 Bg7 6. h5 Be6 7. h6 Bf8 
8. Nf3 Nbd7 9. Ne5 c6 10. Nxd7 Nxd7 11. f3 Bf7 12. Qd2 Qa5 13. Be2 
O-O-O 14. e4 dxe4 15. fxe4 Nc5 16. O-O Ne6 17. Be3 Nxd4 18. Bxd4 e5 
19. exf5 Rxd4 20. Qg5 Bc5 21. Kh2 Rg8 22. Qf6 Qc7 23. g3 Kb8 24. fxg6 
Bxg6 25. Rae1 Bxc2 26. Qf7 Qd8 27. Rf6 {1.59-1.54} 0-1

[Event "?"]
[Site "Keres Memorial Paernu Women"]
[Date "1996.??.??"]
[Round "9"]
[White "Paasikangas, J."]
[Black "Stjazkina, O."]
[Result "1-0"]
[WhiteElo "2200"]
[BlackElo "2200"]

1. d4 d5 2. c4 c6 3. Nc3 Nf6 4. Bg5 e6 5. e3 h6 6. Bh4 Nbd7 7. cxd5 
exd5 8. Nf3 Be7 9. Be2 Ne4 10. Bg3 Ndf6 11. O-O Nxg3 12. hxg3 Bf5 13. 
Bd3 Bxd3 14. Qxd3 O-O 15. a3 a5 16. Qc2 Nd7 17. b3 Bd6 18. Ne2 Re8 19. 
Nf4 Qe7 20. Qb2 Nb6 21. Nd2 a4 22. b4 Nc4 23. Nxc4 dxc4 24. Rac1 b5 
25. Ne2 Rad8 26. Nc3 h5 27. Rfe1 Bb8 28. f4 Qd7 29. Qf2 Qf5 30. Rcd1 
Ba7 31. Re2 Qg4 32. Qf3 Re6 33. Kf2 g6 34. d5 Ree8 35. dxc6 Rxd1 36. 
Nxd1 Qf5 37. Nc3 Qd3 38. Nd5 Kg7 39. Kf1 c3 40. e4 Qb1+ 41. Re1 c2 42. 
Qc3+ Kh6 43. c7 Bd4 44. Qxd4 Qxe1+ 45. Kxe1 c1=Q+ 46. Kf2 Qxa3 47. Ne7 
Qc1 48. Qf6 Qc2+ 49. Kg1 Qxe4 50. c8=Q Rxc8 51. Nxc8 {2.07-2.37} 1-0

[Event "?"]
[Site "Keres Memorial Paernu Women"]
[Date "1996.??.??"]
[Round "9"]
[White "Fomina, T."]
[Black "Parnpuu, L."]
[Result "1-0"]
[WhiteElo "2305"]
[BlackElo "2245"]

1. e4 e5 2. Nf3 Nc6 3. Bb5 a6 4. Ba4 Nf6 5. Qe2 b5 6. Bb3 Be7 7. O-O 
O-O 8. Rd1 Bb7 9. d3 d6 10. a3 Na5 11. Ba2 c5 12. Nbd2 Qc7 13. Nf1 Rad8 
14. Ne3 g6 15. Bd2 Nc6 16. c3 Bc8 17. Ng5 h6 18. Nf3 Kh7 19. Nd5 Nxd5 
20. exd5 Nb8 21. Qe3 g5 22. h4 f5 23. hxg5 f4 24. Qe2 hxg5 25. d4 Kg7 
26. dxe5 dxe5 27. c4 Bf6 28. Bc3 Bg4 29. cxb5 axb5 30. Qe4 Bxf3 31. 
gxf3 Rh8 32. Kg2 Rh6 33. Rh1 Rdh8 34. Rxh6 Rxh6 35. Re1 Qd7 36. Kf1 
Qh3+ 37. Ke2 Nd7 38. d6 g4 39. fxg4 Qxg4+ 40. Qf3 Qf5 41. Rg1+ Rg6 42. 
Bb1 e4 43. Bxe4 Qxe4+ 44. Qxe4 Rxg1 45. Qe7+ {2.07-2.12} 1-0